Achieving exemplary quality in the construction professions (Record no. 64954)
[ view plain ]
| 000 -LEADER | |
|---|---|
| fixed length control field | 01391cam a2200253 4500 |
| 001 - CONTROL NUMBER | |
| control field | ABS62969 |
| 008 - FIXED-LENGTH DATA ELEMENTS--GENERAL INFORMATION | |
| fixed length control field | 000000n2000 000 0 eng u |
| 035 ## - SYSTEM CONTROL NUMBER | |
| System control number | (Sirsi) u108798 |
| 100 ## - MAIN ENTRY--PERSONAL NAME | |
| Personal name | Faulkner, A.J. |
| 245 ## - TITLE STATEMENT | |
| Title | Achieving exemplary quality in the construction professions |
| 260 ## - PUBLICATION, DISTRIBUTION, ETC. | |
| Date of publication, distribution, etc. | 2000 |
| 490 ## - SERIES STATEMENT | |
| Series statement | Structural Survey |
| Volume/sequential designation | 18(4) 2000, 155-162(8) |
| 520 ## - SUMMARY, ETC. | |
| Summary, etc. | Explores the nature of quality management in professional practices regarded as exemplary by experienced clients. Ten case studies of projects carried out by such firms were selected. Research focused particularly on: the view of professional clients; approaches to quality management ; and the approach taken to managing change. The main conclusions reached were: quality culture was regarded by both clients and practitioners as more important than a formal quality system; clients tended to devote more effort to initial selection of professionals than to subsequently monitoring their performance; exemplary professionals were largely guided by their own strong principles rather than by client instructions. References. |
| 590 ## - LOCAL NOTE (RLIN) | |
| Local note | ABS |
| 650 ## - SUBJECT ADDED ENTRY--TOPICAL TERM | |
| Topical term or geographic name entry element | QUALITY MANAGEMENT |
| 650 ## - SUBJECT ADDED ENTRY--TOPICAL TERM | |
| Topical term or geographic name entry element | QUALITY SYSTEMS |
| 650 ## - SUBJECT ADDED ENTRY--TOPICAL TERM | |
| Topical term or geographic name entry element | CLIENTS |
| 650 ## - SUBJECT ADDED ENTRY--TOPICAL TERM | |
| Topical term or geographic name entry element | CASE STUDIES |
| 650 ## - SUBJECT ADDED ENTRY--TOPICAL TERM | |
| Topical term or geographic name entry element | PRACTICE MANAGEMENT |
| 690 ## - LOCAL SUBJECT ADDED ENTRY--TOPICAL TERM (OCLC, RLIN) | |
| Topical term or geographic name as entry element | MANAGEMENT-BUSINESS MANAGEMENT |
| 700 ## - ADDED ENTRY--PERSONAL NAME | |
| Personal name | Hudson, J. |
| 700 ## - ADDED ENTRY--PERSONAL NAME | |
| Personal name | Barrett, P.S. |
| 942 ## - ADDED ENTRY ELEMENTS (KOHA) | |
| Suppress in OPAC | 0 |
| Withdrawn status | Lost status | Source of classification or shelving scheme | Damaged status | Not for loan | Home library | Current library | Shelving location | Date acquired | Total Checkouts | Barcode | Date last seen | Copy number | Price effective from | Koha item type |
|---|---|---|---|---|---|---|---|---|---|---|---|---|---|---|
| Dewey Decimal Classification | London | London | Journal article | 16/10/2000 | 108798-1001 | 06/08/2019 | 1 | 06/08/2019 | Journal article |